[Event "Danish Senior CHP for 50+ and 65+"]
[Site "Nyhavnsgade 14, 2. sal. 9000 Aalborg"]
[Date "2022.02.24"]
[Round "5.11"]
[White "Knudsen, Ole"]
[Black "Mikkelsen, Peter Jørgen Dam"]
[Result "0-1"]
[BlackElo "2148"]
[WhiteElo "1939"]
[LiveChessVersion "1.4.8"]

1. e4 {[%clk 1:30:40]} c6 {[%clk 1:29:08]} 2. d4 {[%clk 1:30:27]} d5
{[%clk 1:29:33]} 3. e5 {[%clk 1:30:46]} Bf5 {[%clk 1:29:49]} 4. h4
{[%clk 1:30:47]} h5 {[%clk 1:28:39]} 5. Bd3 {[%clk 1:31:05]} Bxd3
{[%clk 1:28:48]} 6. Qxd3 {[%clk 1:31:30]} e6 {[%clk 1:29:10]} 7. Bg5
{[%clk 1:31:54]} Be7 {[%clk 1:28:50]} 8. Nf3 {[%clk 1:32:08]} c5 {[%clk 1:28:49]}
9. dxc5 {[%clk 1:21:04]} Qa5+ {[%clk 1:28:25]} 10. Nbd2 {[%clk 1:17:08]} Qxc5
{[%clk 1:28:06]} 11. O-O {[%clk 1:14:23]} Nd7 {[%clk 1:23:09]} 12. c4
{[%clk 1:09:36]} Bxg5 {[%clk 1:18:03]} 13. hxg5 {[%clk 1:09:42]} Ne7
{[%clk 1:18:21]} 14. b4 {[%clk 1:04:22]} Qxb4 {[%clk 1:10:56]} 15. Rab1
{[%clk 1:01:42]} Qa5 {[%clk 0:58:29]} 16. Rb5 {[%clk 0:44:45]} Qc7
{[%clk 0:49:30]} 17. cxd5 {[%clk 0:40:25]} Nxd5 {[%clk 0:48:41]} 18. g6
{[%clk 0:32:12]} f6 {[%clk 0:26:39]} 19. exf6 {[%clk 0:24:58]} N7xf6
{[%clk 0:27:02]} 20. Ng5 {[%clk 0:21:56]} Qc6 {[%clk 0:26:47]} 21. Nde4
{[%clk 0:14:17]} O-O {[%clk 0:22:57]} 22. Rc5 {[%clk 0:12:10]} Qe8
{[%clk 0:18:21]} 23. Nxf6+ {[%clk 0:08:15]} Nxf6 {[%clk 0:11:24]} 24. Re5
{[%clk 0:04:32]} Qa4 {[%clk 0:11:05]} 25. Nh7 {[%clk 0:03:20]} Qh4
{[%clk 0:08:03]} 26. g3 {[%clk 0:02:37]} Qh3 {[%clk 0:05:45]} 27. Nxf6+ Rxf6
{[%clk 0:04:44]} 28. Qe2 {[%clk 0:01:22]} Rxg6 {[%clk 0:03:33]} 29. Rxh5
{[%clk 0:01:22]} Qg4 {[%clk 0:03:45]} 30. Qxg4 {[%clk 0:00:37]} Rxg4
{[%clk 0:04:10]} 31. Re5 {[%clk 0:00:52]} Re8 {[%clk 0:03:16]} 32. Rfe1
{[%clk 0:01:03]} Ra4 {[%clk 0:03:23]} 33. R1e2 {[%clk 0:01:22]} Kf7
{[%clk 0:03:34]} 34. f4 {[%clk 0:01:04]} g6 {[%clk 0:03:55]} 35. Kf2
{[%clk 0:00:53]} Re7 {[%clk 0:03:14]} 36. Kf3 {[%clk 0:01:07]} Ra6
{[%clk 0:03:21]} 37. g4 {[%clk 0:00:39]} Rc7 {[%clk 0:03:29]} 38. f5
{[%clk 0:00:39]} exf5 {[%clk 0:03:09]} 39. gxf5 {[%clk 0:00:56]} gxf5
{[%clk 0:02:21]} 40. Rxf5+ {[%clk 0:01:15]} Rf6 {[%clk 0:02:10]} 41. Rxf6+
{[%clk 0:01:11]} Kxf6 {[%clk 0:01:50]} 42. Kf4 {[%clk 0:25:01]} Rc1
{[%clk 0:30:42]} 43. Kf3 {[%clk 0:23:25]} Kf5 {[%clk 0:30:32]} 44. Ke3
{[%clk 0:22:48]} Rc6 {[%clk 0:29:06]} 45. Kd4 {[%clk 0:22:00]} Kf4
{[%clk 0:27:42]} 46. Rf2+ {[%clk 0:17:05]} Kg3 {[%clk 0:28:06]} 47. Rf7
{[%clk 0:16:46]} Rb6 {[%clk 0:28:09]} 48. Ke3 {[%clk 0:15:07]} a6
{[%clk 0:28:09]} 49. Rg7+ {[%clk 0:15:18]} Kh4 {[%clk 0:28:27]} 50. Kf4
{[%clk 0:13:29]} Rb4+ {[%clk 0:28:42]} 51. Ke5 {[%clk 0:12:57]} Kh3
{[%clk 0:28:47]} 52. Kd6 {[%clk 0:11:01]} b5 {[%clk 0:29:03]} 53. Rc7
{[%clk 0:03:25]} Ra4 {[%clk 0:29:07]} 54. Kc5 {[%clk 0:01:06]} Kg3
{[%clk 0:28:03]} 55. Rg7+ {[%clk 0:00:54]} Kf3 {[%clk 0:28:26]} 56. Rf7+
{[%clk 0:01:04]} Ke3 {[%clk 0:28:49]} 57. Re7+ {[%clk 0:01:22]} Kd3
{[%clk 0:28:54]} 58. Rd7+ {[%clk 0:01:38]} Kc2 {[%clk 0:26:09]} 59. Rh7
{[%clk 0:00:54]} Rxa2 {[%clk 0:26:22]} 60. Rh2+ {[%clk 0:01:04]} Kb3
{[%clk 0:26:43]} 61. Rh3+ {[%clk 0:01:16]} Ka4 {[%clk 0:27:05]} 62. Rh4+
{[%clk 0:01:11]} Ka5 {[%clk 0:27:27]} 63. Rh3 {[%clk 0:00:53]} Rc2+
{[%clk 0:27:47]} 64. Kd4 {[%clk 0:01:06]} Kb4 {[%clk 0:27:58]} 65. Rh1
{[%clk 0:01:05]} Rd2+ {[%clk 0:27:55]} 66. Ke3 {[%clk 0:01:19]} Rd8
{[%clk 0:28:20]} 67. Rh4+ {[%clk 0:01:05]} Kb3 {[%clk 0:28:27]} 68. Rh6
{[%clk 0:01:17]} a5 {[%clk 0:28:48]} 69. Rh5 {[%clk 0:01:25]} Ka4
{[%clk 0:29:04]} 70. Rh1 {[%clk 0:00:47]} b4 0-1

[Event "Danish Senior CHP for 50+ and 65+"]
[Site "Nyhavnsgade 14, 2. sal. 9000 Aalborg"]
[Date "2022.02.24"]
[Round "5.12"]
[White "Pakmor, Claus"]
[Black "Christiansen, Jens Jørgen"]
[Result "1/2-1/2"]
[BlackElo "2080"]
[WhiteElo "1900"]
[LiveChessVersion "1.4.8"]

1. e4 {[%clk 1:30:54]} c6 {[%clk 1:30:53]} 2. d4 {[%clk 1:30:56]} d5
{[%clk 1:31:19]} 3. e5 {[%clk 1:31:23]} c5 {[%clk 1:31:40]} 4. dxc5
{[%clk 1:31:03]} e6 {[%clk 1:31:30]} 5. a3 {[%clk 1:30:56]} Bxc5 {[%clk 1:31:15]}
6. b4 {[%clk 1:31:08]} Bb6 {[%clk 1:30:05]} 7. Bb2 {[%clk 1:30:45]} Ne7
{[%clk 1:28:19]} 8. Nf3 {[%clk 1:29:44]} Nbc6 {[%clk 1:19:52]} 9. Bd3
{[%clk 1:29:13]} Ng6 {[%clk 1:19:59]} 10. O-O {[%clk 1:28:54]} Nf4
{[%clk 1:20:10]} 11. c4 {[%clk 1:22:15]} Nxd3 {[%clk 1:04:02]} 12. Qxd3
{[%clk 1:22:26]} O-O {[%clk 1:01:21]} 13. Re1 {[%clk 1:21:27]} dxc4
{[%clk 0:58:22]} 14. Qxc4 {[%clk 1:11:52]} Bd7 {[%clk 0:53:08]} 15. Nc3
{[%clk 1:09:15]} Rc8 {[%clk 0:50:45]} 16. Qg4 {[%clk 0:59:26]} Ne7
{[%clk 0:42:04]} 17. Rad1 {[%clk 0:54:46]} Nf5 {[%clk 0:38:48]} 18. Ne4
{[%clk 0:52:50]} Kh8 {[%clk 0:38:41]} 19. Nfg5 {[%clk 0:40:42]} Rc2
{[%clk 0:35:06]} 20. Ba1 {[%clk 0:30:31]} Qe8 {[%clk 0:23:02]} 21. Qh5
{[%clk 0:27:58]} Nh6 {[%clk 0:18:04]} 22. Re2 {[%clk 0:19:41]} Ba4
{[%clk 0:16:28]} 23. Rxc2 {[%clk 0:19:23]} Bxc2 {[%clk 0:16:37]} 24. Rc1
{[%clk 0:18:43]} Bxe4 {[%clk 0:13:52]} 25. Nxe4 {[%clk 0:19:04]} f5
{[%clk 0:12:17]} 26. Qxe8 {[%clk 0:18:00]} Rxe8 {[%clk 0:12:46]} 27. Nd6
{[%clk 0:18:10]} Rb8 {[%clk 0:09:14]} 28. h3 {[%clk 0:18:20]} a6 {[%clk 0:08:12]}
29. Kf1 {[%clk 0:18:23]} Kg8 {[%clk 0:08:28]} 30. Ke2 {[%clk 0:17:44]} Nf7
{[%clk 0:08:36]} 31. Rd1 {[%clk 0:11:34]} Bd8 {[%clk 0:05:11]} 1/2-1/2

[Event "Danish Senior CHP for 50+ and 65+"]
[Site "Nyhavnsgade 14, 2. sal. 9000 Aalborg"]
[Date "2022.02.24"]
[Round "5.13"]
[White "Johnsen, Oystein"]
[Black "Christiansen, Arne"]
[Result "1/2-1/2"]
[BlackElo "2036"]
[WhiteElo "1948"]
[LiveChessVersion "1.4.8"]

1. d4 {[%clk 1:30:58]} Nf6 {[%clk 1:30:53]} 2. Bf4 {[%clk 1:31:21]} g6
{[%clk 1:30:48]} 3. Nc3 {[%clk 1:31:43]} Bg7 {[%clk 1:30:17]} 4. e4
{[%clk 1:31:58]} O-O {[%clk 1:29:40]} 5. Be2 {[%clk 1:31:00]} d6 {[%clk 1:30:01]}
6. Nf3 {[%clk 1:27:24]} c6 {[%clk 1:28:05]} 7. O-O {[%clk 1:20:16]} Nbd7
{[%clk 1:26:42]} 8. h3 {[%clk 1:17:07]} c5 {[%clk 1:21:44]} 9. d5
{[%clk 1:15:02]} a6 {[%clk 1:19:14]} 10. a4 {[%clk 1:15:24]} b6 {[%clk 1:19:14]}
11. Qd2 {[%clk 1:14:59]} Rb8 {[%clk 1:18:56]} 12. Bh6 {[%clk 1:13:46]} b5
{[%clk 1:13:35]} 13. Bxg7 {[%clk 1:13:29]} Kxg7 {[%clk 1:13:59]} 14. axb5
{[%clk 1:13:13]} axb5 {[%clk 1:14:22]} 15. Bxb5 {[%clk 1:10:25]} Nxe4
{[%clk 1:13:39]} 16. Nxe4 {[%clk 1:08:46]} Rxb5 {[%clk 1:13:57]} 17. Rfe1
{[%clk 0:58:49]} Nf6 {[%clk 1:12:43]} 1/2-1/2

[Event "Danish Senior CHP for 50+ and 65+"]
[Site "Nyhavnsgade 14, 2. sal. 9000 Aalborg"]
[Date "2022.02.24"]
[Round "5.14"]
[White "Grønhøj, Søren"]
[Black "Mortensen, Steen Juul"]
[Result "1/2-1/2"]
[BlackElo "1888"]
[WhiteElo "2006"]
[LiveChessVersion "1.4.8"]

1. e4 {[%clk 1:30:58]} e5 {[%clk 1:30:53]} 2. Nf3 {[%clk 1:31:23]} Nc6
{[%clk 1:31:18]} 3. Bb5 {[%clk 1:31:29]} a6 {[%clk 1:31:35]} 4. Ba4
{[%clk 1:31:56]} Nf6 {[%clk 1:31:41]} 5. d3 {[%clk 1:31:17]} d6 {[%clk 1:27:32]}
6. c3 {[%clk 1:31:17]} Be7 {[%clk 1:27:51]} 7. O-O {[%clk 1:30:53]} O-O
{[%clk 1:27:33]} 8. b4 {[%clk 1:29:49]} b5 {[%clk 1:25:46]} 9. Bb3
{[%clk 1:28:51]} h6 {[%clk 1:19:33]} 10. a4 {[%clk 1:24:50]} Bb7 {[%clk 1:15:10]}
11. h3 {[%clk 1:17:24]} Re8 {[%clk 1:04:28]} 12. Bd5 {[%clk 1:14:27]} Nxd5
{[%clk 1:01:29]} 13. exd5 {[%clk 1:14:54]} 1/2-1/2

[Event "Danish Senior CHP for 50+ and 65+"]
[Site "Nyhavnsgade 14, 2. sal. 9000 Aalborg"]
[Date "2022.02.24"]
[Round "5.15"]
[White "Nielsen, Mogens"]
[Black "Nielsen, Christian Volmer"]
[Result "1/2-1/2"]
[BlackElo "1958"]
[WhiteElo "1846"]
[LiveChessVersion "1.4.8"]

1. e4 {[%clk 1:30:39]} d5 {[%clk 1:30:27]} 2. exd5 {[%clk 1:31:02]} Nf6
{[%clk 1:30:51]} 3. Bb5+ {[%clk 1:30:53]} Nbd7 {[%clk 1:31:13]} 4. c4
{[%clk 1:30:32]} a6 {[%clk 1:29:24]} 5. Bxd7+ {[%clk 1:30:14]} Bxd7
{[%clk 1:29:20]} 6. Nf3 {[%clk 1:29:40]} c6 {[%clk 1:27:32]} 7. dxc6
{[%clk 1:29:21]} Bxc6 {[%clk 1:27:31]} 8. d4 {[%clk 1:22:45]} e6 {[%clk 1:25:11]}
9. O-O {[%clk 1:20:48]} Be7 {[%clk 1:16:58]} 10. Ne5 {[%clk 1:15:12]} Rc8
{[%clk 1:16:42]} 11. Nc3 {[%clk 1:13:31]} O-O {[%clk 1:16:02]} 12. Be3
{[%clk 1:10:52]} Qd6 {[%clk 1:09:08]} 13. Qe2 {[%clk 1:07:19]} Rfd8
{[%clk 1:05:54]} 14. Rfd1 {[%clk 1:05:49]} Be8 {[%clk 1:00:46]} 15. Rac1
{[%clk 1:03:29]} Qc7 {[%clk 0:55:30]} 16. Bg5 {[%clk 0:49:19]} Qa5
{[%clk 0:50:51]} 17. Bh4 {[%clk 0:45:57]} Qb6 {[%clk 0:44:37]} 18. d5
{[%clk 0:38:30]} exd5 {[%clk 0:40:07]} 19. Bxf6 {[%clk 0:36:58]} gxf6
{[%clk 0:26:15]} 20. Nxd5 {[%clk 0:33:39]} Qe6 {[%clk 0:12:11]} 21. Nxe7+
{[%clk 0:23:09]} Qxe7 {[%clk 0:12:28]} 22. Qg4+ {[%clk 0:23:12]} Kh8
{[%clk 0:11:27]} 23. Nf3 {[%clk 0:22:02]} Bc6 {[%clk 0:09:40]} 24. Nd4
{[%clk 0:21:01]} Be4 {[%clk 0:06:44]} 25. Nf5 {[%clk 0:19:28]} Bxf5
{[%clk 0:06:36]} 26. Qxf5 {[%clk 0:18:31]} Rxd1+ {[%clk 0:05:23]} 27. Rxd1
{[%clk 0:18:59]} Rxc4 {[%clk 0:05:23]} 28. h3 {[%clk 0:17:52]} Rc5
{[%clk 0:03:40]} 29. Qf3 {[%clk 0:15:56]} Kg7 {[%clk 0:02:46]} 30. h4
{[%clk 0:14:57]} Re5 {[%clk 0:01:06]} 31. Rd2 {[%clk 0:13:35]} Re1+
{[%clk 0:01:20]} 32. Kh2 {[%clk 0:13:56]} Qe5+ {[%clk 0:01:41]} 33. Qg3+
{[%clk 0:12:57]} Qxg3+ {[%clk 0:00:48]} 34. Kxg3 {[%clk 0:13:20]} Re5
{[%clk 0:00:47]} 35. Rd7 {[%clk 0:12:44]} Rb5 {[%clk 0:01:13]} 36. b3
{[%clk 0:12:59]} Rb4 {[%clk 0:01:29]} 37. f4 {[%clk 0:12:30]} f5 {[%clk 0:01:08]}
38. Kf3 {[%clk 0:12:26]} a5 {[%clk 0:01:05]} 39. g4 {[%clk 0:11:39]} fxg4+
{[%clk 0:01:22]} 40. Kxg4 {[%clk 0:12:01]} a4 {[%clk 0:01:05]} 41. bxa4
{[%clk 0:11:58]} 1/2-1/2

[Event "Danish Senior CHP for 50+ and 65+"]
[Site "Nyhavnsgade 14, 2. sal. 9000 Aalborg"]
[Date "2022.02.24"]
[Round "5.16"]
[White "Falberg, Hugo"]
[Black "Fjordside, Arne Dan"]
[Result "0-1"]
[BlackElo "1914"]
[WhiteElo "1782"]
[LiveChessVersion "1.4.8"]

1. f4 {[%clk 1:29:43]} d5 {[%clk 1:30:25]} 2. Nf3 {[%clk 1:30:09]} Nf6
{[%clk 1:30:35]} 3. e3 {[%clk 1:30:35]} Bg4 {[%clk 1:23:35]} 4. Be2
{[%clk 1:30:40]} Bxf3 {[%clk 1:22:46]} 5. Bxf3 {[%clk 1:31:01]} c6
{[%clk 1:23:10]} 6. O-O {[%clk 1:30:46]} Nbd7 {[%clk 1:23:31]} 7. d4
{[%clk 1:31:12]} e6 {[%clk 1:23:48]} 8. Nd2 {[%clk 1:28:11]} Be7 {[%clk 1:23:57]}
9. c4 {[%clk 1:26:20]} O-O {[%clk 1:23:53]} 10. g4 {[%clk 1:24:23]} Ne8
{[%clk 1:19:28]} 11. Kh1 {[%clk 1:15:33]} a5 {[%clk 1:08:55]} 12. b3
{[%clk 1:12:43]} a4 {[%clk 0:57:45]} 13. Bb2 {[%clk 1:06:15]} axb3
{[%clk 0:44:15]} 14. axb3 {[%clk 1:05:50]} Bb4 {[%clk 0:43:45]} 15. Qc2
{[%clk 1:02:52]} Rxa1 {[%clk 0:40:01]} 16. Rxa1 {[%clk 1:01:12]} Qh4
{[%clk 0:40:01]} 17. Nf1 {[%clk 0:54:57]} Ndf6 {[%clk 0:32:53]} 18. Qe2
{[%clk 0:50:42]} Nd6 {[%clk 0:32:58]} 19. g5 {[%clk 0:42:09]} Nfe4
{[%clk 0:31:25]} 20. c5 {[%clk 0:34:53]} Nf2+ {[%clk 0:28:28]} 21. Kg2
{[%clk 0:34:34]} Nde4 {[%clk 0:27:54]} 22. Bxe4 {[%clk 0:34:12]} Nxe4
{[%clk 0:28:03]} 23. Ng3 {[%clk 0:32:49]} f6 {[%clk 0:17:04]} 24. Ra4
{[%clk 0:30:56]} fxg5 {[%clk 0:10:18]} 25. Nxe4 {[%clk 0:27:25]} dxe4
{[%clk 0:07:27]} 26. Rxb4 {[%clk 0:27:37]} gxf4 {[%clk 0:07:28]} 27. exf4
{[%clk 0:24:43]} Rxf4 {[%clk 0:07:30]} 28. Bc1 {[%clk 0:20:46]} Rf3
{[%clk 0:06:00]} 29. Bd2 {[%clk 0:14:35]} Qh3+ {[%clk 0:01:59]} 30. Kg1
{[%clk 0:14:16]} e3 {[%clk 0:02:17]} 31. Be1 {[%clk 0:13:42]} Qf5
{[%clk 0:01:14]} 32. Rxb7 {[%clk 0:07:49]} h5 {[%clk 0:01:27]} 33. Ra7
{[%clk 0:05:09]} Kh7 {[%clk 0:01:45]} 34. Ra2 {[%clk 0:05:09]} Rf4
{[%clk 0:01:42]} 35. Bg3 {[%clk 0:02:39]} Re4 {[%clk 0:02:06]} 36. Ra1
{[%clk 0:01:51]} h4 {[%clk 0:02:01]} 37. Be5 {[%clk 0:02:07]} h3 {[%clk 0:02:13]}
38. Rf1 {[%clk 0:02:08]} Rg4+ {[%clk 0:02:34]} 39. Bg3 {[%clk 0:02:06]} Qd5
{[%clk 0:02:19]} 40. Rf4 {[%clk 0:01:31]} Rg6 {[%clk 0:02:17]} 41. Rh4+
{[%clk 0:01:14]} Kg8 {[%clk 0:01:47]} 42. Rxh3 {[%clk 0:01:23]} Qxd4
{[%clk 0:01:50]} 43. Kf1 {[%clk 0:20:33]} Rf6+ {[%clk 0:30:41]} 44. Kg1
{[%clk 0:18:03]} Qd2 {[%clk 0:30:10]} 45. Qe1 {[%clk 0:17:03]} Rg6
{[%clk 0:28:05]} 46. Qb1 {[%clk 0:12:48]} Qf2+ {[%clk 0:25:45]} 47. Kh1
{[%clk 0:13:11]} Qf3+ {[%clk 0:25:34]} 48. Kg1 {[%clk 0:13:40]} e2
{[%clk 0:25:20]} 49. Qe1 {[%clk 0:11:43]} Qd3 {[%clk 0:23:55]} 50. Rh4
{[%clk 0:09:43]} Qd1 {[%clk 0:22:58]} 51. Kf2 {[%clk 0:09:48]} Rf6+
{[%clk 0:20:09]} 52. Rf4 {[%clk 0:04:17]} Qd4+ {[%clk 0:20:15]} 53. Kxe2
{[%clk 0:04:28]} Rxf4 {[%clk 0:20:32]} 54. Bxf4 {[%clk 0:04:24]} Qxf4
{[%clk 0:19:11]} 55. Qg3 {[%clk 0:02:58]} Qe4+ {[%clk 0:19:20]} 56. Qe3
{[%clk 0:02:59]} Qc2+ {[%clk 0:18:44]} 57. Kf3 {[%clk 0:02:56]} Qd1+ 58. Kf4 Qd5
{[%clk 0:17:08]} 59. Qe5 {[%clk 0:01:09]} Qxb3 {[%clk 0:17:06]} 60. Qd6
{[%clk 0:00:59]} Qd5 {[%clk 0:17:13]} 61. Qb8+ {[%clk 0:00:45]} Kh7
{[%clk 0:17:31]} 62. Qd6 {[%clk 0:00:38]} Kg6 {[%clk 0:17:17]} 63. Qe5
{[%clk 0:00:41]} Qd2+ {[%clk 0:16:14]} 64. Kg4 {[%clk 0:00:57]} Qg2+
{[%clk 0:16:15]} 65. Kh4 {[%clk 0:01:04]} Qf2+ {[%clk 0:16:24]} 66. Kg4
{[%clk 0:00:38]} Qf5+ {[%clk 0:16:46]} 67. Qxf5+ {[%clk 0:01:03]} exf5+
{[%clk 0:17:03]} 68. Kf4 {[%clk 0:01:27]} Kf6 {[%clk 0:17:21]} 69. h4
{[%clk 0:01:56]} g6 {[%clk 0:17:27]} 70. Ke3 {[%clk 0:01:27]} Ke5
{[%clk 0:17:44]} 71. Kf3 {[%clk 0:01:40]} f4 {[%clk 0:17:15]} 72. Kg4
{[%clk 0:01:57]} Ke4 {[%clk 0:17:29]} 0-1

[Event "Danish Senior CHP for 50+ and 65+"]
[Site "Nyhavnsgade 14, 2. sal. 9000 Aalborg"]
[Date "2022.02.24"]
[Round "5.17"]
[White "Pedersen, Børge"]
[Black "Gottschalck, Christian"]
[Result "1-0"]
[BlackElo "1746"]
[WhiteElo "1881"]
[LiveChessVersion "1.4.8"]

1. c4 {[%clk 1:30:46]} e5 {[%clk 1:30:49]} 2. Nc3 {[%clk 1:30:58]} Nc6
{[%clk 1:29:02]} 3. Nf3 {[%clk 1:28:51]} f5 {[%clk 1:26:24]} 4. d3
{[%clk 1:28:07]} Nf6 {[%clk 1:25:55]} 5. g3 {[%clk 1:27:21]} Be7 {[%clk 1:23:26]}
6. Bg2 {[%clk 1:27:27]} O-O {[%clk 1:22:47]} 7. O-O {[%clk 1:26:50]} d6
{[%clk 1:20:50]} 8. a3 {[%clk 1:22:20]} a5 {[%clk 1:19:27]} 9. Rb1
{[%clk 1:22:16]} Kh8 {[%clk 1:14:03]} 10. b4 {[%clk 1:17:38]} axb4
{[%clk 1:12:41]} 11. axb4 {[%clk 1:13:08]} e4 {[%clk 1:08:17]} 12. Nd2
{[%clk 1:03:10]} exd3 {[%clk 1:07:15]} 13. exd3 {[%clk 1:03:29]} Nd4
{[%clk 1:02:02]} 14. Nb3 {[%clk 1:00:53]} c5 {[%clk 1:00:49]} 15. Nxd4
{[%clk 1:00:35]} cxd4 {[%clk 1:01:08]} 16. Nb5 {[%clk 0:58:55]} Ng4
{[%clk 0:57:17]} 17. h3 {[%clk 0:56:30]} Ne5 {[%clk 0:56:28]} 18. Nxd4
{[%clk 0:56:26]} Qb6 {[%clk 0:56:25]} 19. Be3 {[%clk 0:50:13]} Qc7
{[%clk 0:51:36]} 20. Nb5 {[%clk 0:47:28]} Qd8 {[%clk 0:48:38]} 21. Nc3
{[%clk 0:47:09]} Ra3 {[%clk 0:47:15]} 22. Qc1 {[%clk 0:43:46]} Ra8
{[%clk 0:46:06]} 23. Rd1 {[%clk 0:41:32]} Nf7 {[%clk 0:41:54]} 24. Nd5
{[%clk 0:41:11]} Bg5 {[%clk 0:41:37]} 25. f4 {[%clk 0:40:38]} Bh6
{[%clk 0:41:04]} 26. Qb2 {[%clk 0:38:35]} Be6 {[%clk 0:37:05]} 27. Bb6
{[%clk 0:34:32]} Qd7 {[%clk 0:36:15]} 28. Re1 {[%clk 0:26:22]} Bxd5
{[%clk 0:35:44]} 29. Bxd5 {[%clk 0:26:38]} Rfe8 {[%clk 0:35:17]} 30. Qg2
{[%clk 0:26:12]} Re7 {[%clk 0:32:12]} 31. Bd4 {[%clk 0:18:41]} Rae8
{[%clk 0:28:49]} 32. Rxe7 {[%clk 0:18:49]} Rxe7 {[%clk 0:28:31]} 33. Qf2
{[%clk 0:16:09]} Qe8 {[%clk 0:28:24]} 34. Bc3 {[%clk 0:14:43]} Re2
{[%clk 0:28:26]} 35. Bxf7 {[%clk 0:14:10]} Qe7 {[%clk 0:27:17]} 36. Qxe2
{[%clk 0:11:21]} 1-0

[Event "Danish Senior CHP for 50+ and 65+"]
[Site "Nyhavnsgade 14, 2. sal. 9000 Aalborg"]
[Date "2022.02.24"]
[Round "5.18"]
[White "Stald, Flemming"]
[Black "Grønhøj, Benny"]
[Result "0-1"]
[BlackElo "1877"]
[WhiteElo "1745"]
[LiveChessVersion "1.4.8"]

1. d4 {[%clk 1:30:54]} f5 {[%clk 1:30:17]} 2. g3 {[%clk 1:30:57]} Nf6
{[%clk 1:30:36]} 3. Bg2 {[%clk 1:31:15]} e6 {[%clk 1:30:43]} 4. Nc3
{[%clk 1:30:42]} d5 {[%clk 1:30:12]} 5. Bg5 {[%clk 1:29:37]} Be7 {[%clk 1:27:57]}
6. Nf3 {[%clk 1:29:00]} Nbd7 {[%clk 1:24:40]} 7. e3 {[%clk 1:25:13]} c6
{[%clk 1:23:26]} 8. a3 {[%clk 1:22:09]} Ne4 {[%clk 1:21:51]} 9. Bxe7
{[%clk 1:19:06]} Qxe7 {[%clk 1:22:03]} 10. Ne2 {[%clk 1:17:58]} O-O
{[%clk 1:17:15]} 11. h4 {[%clk 1:11:15]} e5 {[%clk 1:14:27]} 12. dxe5
{[%clk 1:09:17]} Nxe5 {[%clk 1:14:32]} 13. Nxe5 {[%clk 1:07:49]} Qxe5
{[%clk 1:14:39]} 14. Qd4 {[%clk 1:07:11]} Qxd4 {[%clk 1:11:37]} 15. Nxd4
{[%clk 1:04:07]} Bd7 {[%clk 1:03:48]} 16. O-O {[%clk 1:02:11]} Rae8
{[%clk 1:02:35]} 17. Rfd1 {[%clk 0:55:46]} Re7 {[%clk 1:01:22]} 18. Ne2
{[%clk 0:55:10]} Be8 {[%clk 1:00:26]} 19. Nf4 {[%clk 0:52:05]} g6
{[%clk 0:58:25]} 20. a4 {[%clk 0:48:32]} a5 {[%clk 0:53:09]} 21. Rd4
{[%clk 0:43:32]} h6 {[%clk 0:51:24]} 22. Bxe4 {[%clk 0:39:43]} fxe4
{[%clk 0:48:34]} 23. Rd2 {[%clk 0:37:31]} g5 {[%clk 0:48:02]} 24. Ng2
{[%clk 0:36:35]} Bh5 {[%clk 0:45:20]} 25. Kh2 {[%clk 0:34:50]} Rg7
{[%clk 0:41:01]} 26. Rg1 {[%clk 0:32:41]} Rgf7 {[%clk 0:37:25]} 27. Rf1
{[%clk 0:32:22]} Bg4 {[%clk 0:37:13]} 28. c3 {[%clk 0:31:25]} Be6
{[%clk 0:36:42]} 29. Rc2 {[%clk 0:30:05]} c5 {[%clk 0:34:45]} 30. Rd2
{[%clk 0:28:39]} c4 {[%clk 0:31:58]} 31. Kg1 {[%clk 0:28:02]} Rf5
{[%clk 0:30:15]} 32. Rb1 {[%clk 0:27:07]} Bd7 {[%clk 0:30:12]} 33. Ra1
{[%clk 0:25:13]} R8f6 {[%clk 0:26:34]} 34. Rad1 {[%clk 0:22:19]} Bxa4
{[%clk 0:19:06]} 35. Ra1 {[%clk 0:22:40]} b5 {[%clk 0:18:01]} 36. Rf1
{[%clk 0:17:58]} Ra6 {[%clk 0:15:45]} 37. hxg5 {[%clk 0:16:03]} hxg5
{[%clk 0:15:50]} 38. g4 {[%clk 0:16:01]} Re5 {[%clk 0:14:29]} 39. f4
{[%clk 0:15:04]} exf3 {[%clk 0:14:11]} 40. Rxf3 {[%clk 0:15:16]} b4
{[%clk 0:14:22]} 41. cxb4 {[%clk 0:13:20]} axb4 {[%clk 0:14:29]} 42. Ne1
{[%clk 0:10:03]} Bd7 {[%clk 0:11:46]} 43. Rg3 {[%clk 0:09:45]} Ra2
{[%clk 0:10:14]} 44. Rc2 {[%clk 0:05:59]} Ba4 {[%clk 0:06:42]} 45. Rh2
{[%clk 0:05:44]} Re4 {[%clk 0:01:19]} 46. Rh5 {[%clk 0:03:03]} Ra1
{[%clk 0:24:21]} 47. Rxg5+ {[%clk 0:32:00]} Kf7 {[%clk 0:23:34]} 48. Rf3+
{[%clk 0:29:29]} Ke6 {[%clk 0:23:03]} 49. Rg6+ {[%clk 0:25:10]} Kd7
{[%clk 0:18:02]} 50. Kf2 {[%clk 0:25:22]} d4 {[%clk 0:16:14]} 51. Rf7+
{[%clk 0:20:41]} Re7 {[%clk 0:16:00]} 52. Rxe7+ {[%clk 0:20:31]} Kxe7
{[%clk 0:16:24]} 53. exd4 {[%clk 0:19:21]} Rb1 {[%clk 0:16:17]} 54. d5
{[%clk 0:16:13]} Rxb2+ {[%clk 0:16:05]} 55. Ke3 {[%clk 0:16:29]} Bd1
{[%clk 0:14:16]} 56. Kd4 {[%clk 0:15:36]} c3 {[%clk 0:13:59]} 57. g5
{[%clk 0:12:42]} Be2 {[%clk 0:07:45]} 58. Rc6 {[%clk 0:12:15]} Rd2+
{[%clk 0:06:39]} 59. Ke5 {[%clk 0:11:05]} Bb5 {[%clk 0:05:01]} 60. Rc7+
{[%clk 0:09:27]} Bd7 {[%clk 0:03:59]} 61. Nf3 {[%clk 0:08:53]} Re2+
{[%clk 0:03:57]} 62. Kd4 {[%clk 0:08:31]} Kd6 {[%clk 0:03:42]} 63. Rc4
{[%clk 0:07:08]} c2 {[%clk 0:02:40]} 64. Kd3 {[%clk 0:05:51]} Rf2
{[%clk 0:01:59]} 65. Nd4 {[%clk 0:05:41]} b3 {[%clk 0:01:50]} 66. Nxb3
{[%clk 0:01:45]} Bb5 {[%clk 0:02:15]} 67. Ke3 {[%clk 0:01:53]} Bxc4
{[%clk 0:02:38]} 68. Na5 0-1